| 000 | 00346nam a22001337a 4500 | ||
|---|---|---|---|
| 008 | 250513b |||||||| |||| 00| 0 eng d | ||
| 020 | _a9780241659908 | ||
| 050 |
_aPS3603.O885 _b.O54 |
||
| 100 | _aCoulson Christine | ||
| 245 | _aOne Woman Show A Novel | ||
| 260 |
_aDublin _bParticular Books _c2023 |
||
| 650 |
_aWomanhood _vOwnership |
||
| 942 | _cBK | ||
| 999 |
_c3433 _d3433 |
||